000 00724nam a22002417a 4500
005 20170124110203.0
010 _a047666
020 _c00.00
035 _a047666
037 _bCen Lib/Ret
040 _aDPL
_bEN
082 _a021.6
_bMCC
100 _aMcColvin, Lionel R.
_936591
245 _aPublic library extension /
_cby Lionel R.McColvin
260 _aParis
_bUnited Nations educationnal
_c1950
270 _aSintifice and Culture Organization
_bParis
300 _aix,113p. :
_c20cmHb)
_bill.
500 _aIncludes bibliographical reference and index
650 _aLibrary cooperation
_936592
650 _aLibrary extension
_936593
700 _99747
942 _2ddc
_cEN
_h021.6
_mMCC
999 _c133029
_d133029